| 000 | 00438nam a2200193Ia 4500 | ||
|---|---|---|---|
| 008 | 170918s9999 xx 000 0 und d | ||
| 020 | _a9780572033132 | ||
| 050 | _bD853 2005 | ||
| 100 | _aDuey, Kathleen | ||
| 245 | _aRex / | ||
| 245 | _cby Kathleen Duey. | ||
| 260 | _aEngland : | ||
| 260 | _bArcturus, | ||
| 260 | _c2005 | ||
| 300 | _a95 pages : | ||
| 300 | _billustrations ; | ||
| 300 | _c21cm. | ||
| 300 | _eTime soldiers. | ||
| 999 |
_c344039 _d344039 |
||